El dengue : (Record no. 52987)

MARC details
000 -LEADER
campo de control de longitud fija 01037nam a2200205 i 4500
001 - NÚMERO DE CONTROL
campo de control 52987
003 - IDENTIFICADOR DE NÚMERO DE CONTROL
campo de control ES-MaACL
005 - FECHA Y HORA DE LA ÚLTIMA TRANSACCIÓN
campo de control 20230906162700.0
007 - CAMPO FIJO DE DESCRIPCIÓN FÍSICA--INFORMACIÓN GENERAL
campo de control de longitud fija t|
008 - DATOS DE LONGITUD FIJA--INFORMACIÓN GENERAL
campo de control de longitud fija 950906s1881 sp ||||1| spa d
100 1# - ENTRADA PRINCIPAL--NOMBRE DE PERSONA
Nombre de persona Dosilovo, Circasiano.
9 (RLIN) 45450
245 13 - MENCIÓN DEL TÍTULO
Título El dengue :
Resto del título manual del juego del tresillo o exposición metódica y razonada de sus reglas, leyes y arte de jugarle, con el reglamento, la resolución de todas las dudas que puedan ocurrir, una numerosa colección de jugadas y el vocabulario de sitios de las voces técnicas : indispensable en los círculos, tertulias y sitios de recreo, y de gran utilidad para los jugadores /
Mención de responsabilidad, etc. por M. Circasiano Dosílovo.
260 ## - PUBLICACIÓN, DISTRIBUCIÓN, ETC.
Lugar de publicación, distribución, etc. Madrid :
Nombre del editor, distribuidor, etc. [s.n.],
Fecha de publicación, distribución, etc. 1881 (
Fabricante Viuda e Hijos de J.A. García)
300 ## - DESCRIPCIÓN FÍSICA
Extensión 372 p. ;
Dimensiones 19 cm.
530 ## - NOTA DISPONIBLE DE FORMULARIO FÍSICO ADICIONAL
Nota de formato físico adicional disponible Disponible en formato digital.
650 #4 - PUNTO DE ACCESO ADICIONAL DE MATERIA--TÉRMINO DE MATERIA
Término de materia o nombre geográfico como elemento de entrada Tresillo (Juego)
9 (RLIN) 165356
650 #4 - PUNTO DE ACCESO ADICIONAL DE MATERIA--TÉRMINO DE MATERIA
Término de materia o nombre geográfico como elemento de entrada Juegos de cartas.
9 (RLIN) 136324
852 ## - LOCALIZACIÓN
Ubicación ES-MaACL
Número de control de estantería D-3776
856 ## - LOCALIZACIÓN Y ACCESO ELECTRÓNICOS
Identificador Uniforme de Recursos <a href="http://bdh-rd.bne.es/viewer.vm?id=0000083054&page=1 ">http://bdh-rd.bne.es/viewer.vm?id=0000083054&page=1 </a>
Nota pública Biblioteca Digital Hispánica
Holdings
Estatus retirado Estado de pérdida Estado de daño No para préstamo Colección Biblioteca de origen Biblioteca actual Ubicación en estantería Fecha de adquisición Fuente de adquisición Total de préstamos Signatura topográfica completa Código de barras Visto por última vez Precio de reemplazo Tipo de ítem Koha
        Colección digital Biblioteca del Ateneo de Madrid Biblioteca del Ateneo de Madrid Sala Valle Inclán 17/01/2008     D-3776 901055681 23/02/2023 23/02/2023 Libro impreso antiguo